| 000 | 00457nam a22001697a 4500 | ||
|---|---|---|---|
| 999 |
_c15390 _d15390 |
||
| 020 | _a978-93-5124-820-0 | ||
| 082 |
_a630.1 _bSHA/GU |
||
| 100 |
_aSharma, R. K _93070 |
||
| 245 | _aGuide for agricultural competitive examinations (As Per Latest Pattern of Exam) | ||
| 250 | _a3 | ||
| 260 |
_aDelhi _bDaya Publishing House _c2017 |
||
| 300 | _a412 | ||
| 700 |
_aPandey,N _92568 |
||
| 700 |
_aSingh, A.P _91106 |
||
| 700 |
_aMaitry, R.S _92569 |
||
| 942 | _cBBS | ||